000 00410nam a2200181Ia 4500
001 5269
005 20260306145855.0
008 260306t2007||||xx |||||||||||||| ||spa||
041 _aESP
082 _a338.5
_bC82
100 _aCortez Valdivia, Rafael
_eAUT
245 0 _a340 ejercicios de microeconomía
260 _c2007
300 _a
_c
650 _aGEN
654 _aCAN
942 _cLIB
_dJUS
_fJUS
_2ddc
_n
999 _c5269
_d5269